|
|
|
|
| LEADER |
00000nab a2200000 ar4500 |
| 001 |
vtls010676644 |
| 003 |
SK-MaSNL |
| 005 |
20260303213242.0 |
| 008 |
150430c2015 xo sr|p|||||||000 b|slo |
| 038 |
|
|
|a PPPK
|
| 040 |
|
|
|a PPPKCL
|b slo
|c PPPKCL
|e AACR2
|
| 041 |
0 |
|
|a slo
|
| 044 |
|
|
|a xo
|c SK
|
| 080 |
|
|
|a 792.077
|2 2001
|
| 080 |
|
|
|a 792.077:792.07
|2 2001
|
| 080 |
|
|
|a 792.079
|2 2001
|
| 100 |
1 |
|
|a Nováková, Zuzana
|4 aut
|9 155025
|
| 245 |
1 |
0 |
|a Krajská scénická žatva 2015 Mestské divadlo Levoča
|c Zuzana Nováková (POS Poprad), Pavol Humeník
|
| 610 |
2 |
7 |
|a Tote Tam (divadelný súbor : Kežmarok, Slovensko)
|2 pppkcl
|9 1203840
|
| 610 |
2 |
7 |
|a Základná umelecká škola Antona Cígera (Kežmarok, Slovensko).
|b Literárno-dramatický odbor
|2 pppkcl
|9 1053124
|
| 611 |
2 |
7 |
|a Krajská scénická žatva
|d (2015 :
|c Levoča, Slovensko)
|2 pppkcl
|9 1246944
|
| 648 |
|
7 |
|a 9-10.4.2015
|2 pppkcl
|9 1246945
|
| 650 |
0 |
7 |
|a ochotnícke divadlo
|2 pppkcl
|9 3349
|
| 650 |
0 |
7 |
|a amatérske divadelné súbory
|2 pppkcl
|9 31587
|
| 650 |
0 |
7 |
|a divadelné festivaly a prehliadky
|2 pppkcl
|9 3350
|
| 650 |
0 |
7 |
|a krajské prehliadky
|2 pppkcl
|9 1038393
|
| 651 |
|
7 |
|a Levoča (Slovensko)
|2 pppkcl
|9 26696
|
| 700 |
1 |
|
|a Humeník, Pavol,
|d 1963-
|4 aut
|9 240569
|
| 773 |
0 |
|
|t Kežmarok
|g Roč. XXIII, č. 8 (2015), s. 10
|
| 852 |
|
|
|a PPPK
|b KIS3GCP
|
| 999 |
|
|
|c 2211260
|d 2213190
|